| 000 | 01077nam a2200313 a 4500 | ||
|---|---|---|---|
| 008 | |||
| 020 | _a9780702031700 (hardback) | ||
| 040 |
_aNUST _cNUST |
||
| 049 | _aMAIN | ||
| 090 |
_aRG527.5.U48 _bCHU |
||
| 100 | 1 |
_aChudleigh, Trish., _aauthor. |
|
| 245 | 1 | 0 |
_aObstetric and gynaecological ultrasound : _bhow, why and when/ _c Trish Chudleigh ; Alison Smith & Sonia Cumming. |
| 250 | _aFourth edition. | ||
| 260 |
_aEdinburgh : _bElsevier, _c2017. |
||
| 300 |
_axv, 496 pages : _billustrations (some colour) ; _c26 cm. |
||
| 336 |
_atext _btxt _2rdacontent |
||
| 337 |
_aunmediated _bn _2rdamedia |
||
| 338 |
_avolume _bnc _2rdacarrier |
||
| 500 | _aIncludes index. | ||
| 504 | _aIncludes bibliographical references. | ||
| 650 | 1 | _aUltrasonics in obstetrics. | |
| 650 |
_aGenerative organs, Female _xUltrasonic imaging. |
||
| 700 |
_aSmith, Alison., _aauthor. |
||
| 700 |
_aCumming, Sonia., _aauthor. |
||
| 907 |
_a.b10408927 _b01-03-22 _c03-09-21 |
||
| 003 | |||
| 005 | 20230120204317.0 | ||
| 942 |
_cBOOKS _kRG527.5.U48 _mCHU |
||
| 999 |
_c120917 _d120917 |
||